000 00307nam a2200109Ia 4500
008 160523s9999 xx 000 0 und d
245 _aPsychology - Selected Papers
245 _cRossi, Gina
260 _c2012
650 _xPsychology.
856 _uhttp://www.intechopen.com/books/psychology-selected-papers
999 _c294804
_d294804